Historia del urbanismo (Registro nro. 1509)
[ vista simple ]
| 000 -LEADER | |
|---|---|
| fixed length control field | 00939 a2200229 4500 |
| 001 - CONTROL NUMBER | |
| control field | 26888 |
| 005 - DATE AND TIME OF LATEST TRANSACTION | |
| control field | 20260407155546.0 |
| 008 - FIXED-LENGTH DATA ELEMENTS--GENERAL INFORMATION | |
| fixed length control field | 260407a1982 arg spa d |
| 003 - CONTROL NUMBER IDENTIFIER | |
| control field | AR-UNSa-BCEJYS |
| 040 ## - CATALOGING SOURCE | |
| Original cataloging agency | AR-UNSa-BCEJYS |
| Language of cataloging | spa |
| Transcribing agency | AR-UNSa-BCEJYS |
| 080 ## - UNIVERSAL DECIMAL CLASSIFICATION NUMBER | |
| Universal Decimal Classification number | 711(09) |
| Common auxiliary subdivision | Historía del Urbanismo |
| 020 ## - INTERNATIONAL STANDARD BOOK NUMBER | |
| International Standard Book Number | 84-7088-293-7 |
| 100 1# - MAIN ENTRY--PERSONAL NAME | |
| Personal name | Guidoni, Enrico |
| 245 10 - TITLE STATEMENT | |
| Title | Historia del urbanismo |
| Name of part/section of a work | El siglo XVII |
| 264 #1 - PRODUCTION, PUBLICATION, DISTRIBUTION, MANUFACTURE, AND COPYRIGHT NOTICE | |
| Place of production, publication, distribution, manufacture | Madrid : |
| Name of producer, publisher, distributor, manufacturer | Instituto de Estudios de Administración Local |
| Date of production, publication, distribution, manufacture, or copyright notice | 1982 |
| 300 ## - PHYSICAL DESCRIPTION | |
| Extent | 641 p. |
| Dimensions | 25 cm. |
| 505 ## - FORMATTED CONTENTS NOTE | |
| Formatted contents note | 1. Italia, El Mediterraneo y el Imperio Español - 2. La Europa del centro-norte: el urbanismo moderno y la primera expansión colonial - 3. El area católica: La Roma de Alejandro VII y las colonias españolas - 4. La Francia de Luis XIV - 5. La Europa Centro-Nordica e Inglaterra |
| 590 ## - LOCAL NOTE (RLIN) | |
| Local note | niveau_biblio:m niveau_hierar:0 |
| 700 1# - ADDED ENTRY--PERSONAL NAME | |
| Personal name | Marino, Angela |
| 700 1# - ADDED ENTRY--PERSONAL NAME | |
| Personal name | Vioque Lozano, Juan |
| 942 ## - ADDED ENTRY ELEMENTS (KOHA) | |
| Koha item type | |
| Withdrawn status | Lost status | Damaged status | Not for loan | Home library | Current library | Shelving location | Date acquired | Total checkouts | Full call number | Barcode | Date last seen | Price effective from | Koha item type |
|---|---|---|---|---|---|---|---|---|---|---|---|---|---|
| Biblioteca Prof. Eusebio Cleto del Rey | Biblioteca Prof. Eusebio Cleto del Rey | 07/04/2026 | 711(09)"16" G948 | L58410 | 07/04/2026 | 07/04/2026 | Libro |